ロード中...
Career's guide to income-tax and central excise inspector's examination /
| 第一著者: | |
|---|---|
| その他の著者: | |
| フォーマット: | Printed Book |
| 言語: | English |
| 出版事項: |
New Delhi :
Bright Career's Institute,
1988.
|
| LEADER | 00519nam a2200133Ia 4500 | ||
|---|---|---|---|
| 008 | 150624b xxu||||| |||| 00| 0 eng d | ||
| 082 | |a 350.3076 | ||
| 100 | |a Khanna, M. L. | ||
| 245 | |a Career's guide to income-tax and central excise inspector's examination / |c M. L. Khanna | ||
| 260 | |a New Delhi : |b Bright Career's Institute, |c 1988. | ||
| 700 | |a Sarna, D. | ||
| 942 | |c REF | ||
| 999 | |c 39477 |d 39477 | ||
| 952 | |0 0 |1 0 |2 ddc |4 0 |6 350_307600000000000_KHA_C_R |7 0 |8 CAR |9 39474 |a UL |b UL |c REF |d 1998-09-01 |l 0 |o 350.3076 KHA/C R |p 57333 |r 2012-10-27 |y REF | ||